Vainqueurs de la Ligue 1 - Statistiques

Statistiques générales
  • Ce quiz a été pris 6 433 fois
  • Le résultat moyen est 73 sur 84
Statistiques - réponses
Hint Réponse % Correct
2023 ( Lens/Paris-SG/Marseille)
100%
1937 Marseille
98%
1948 Marseille
98%
1971 Marseille
98%
1972 Marseille
98%
1989 Marseille
98%
1990 Marseille
98%
1991 Marseille
98%
1992 Marseille
98%
2010 Marseille
98%
1986 Paris-SG
98%
1994 Paris-SG
98%
2013 Paris-SG
98%
2014 Paris-SG
98%
2015 Paris-SG
98%
2016 Paris-SG
98%
2018 Paris-SG
98%
2019 Paris-SG
98%
2020 Paris-SG
98%
2022 Paris-SG
98%
1946 Lille
97%
1954 Lille
97%
2011 Lille
97%
2021 Lille
97%
2002 Lyon
97%
2003 Lyon
97%
2004 Lyon
97%
2005 Lyon
97%
2006 Lyon
97%
2007 Lyon
97%
2008 Lyon
97%
1961 Monaco
94%
1963 Monaco
94%
1978 Monaco
94%
1982 Monaco
94%
1988 Monaco
94%
1997 Monaco
94%
2000 Monaco
94%
2017 Monaco
94%
1957 Saint-Etienne
92%
1964 Saint-Etienne
92%
1967 Saint-Etienne
92%
1968 Saint-Etienne
92%
1969 Saint-Etienne
92%
1970 Saint-Etienne
92%
1974 Saint-Etienne
92%
1975 Saint-Etienne
92%
1976 Saint-Etienne
92%
1981 Saint-Etienne
92%
1950 Bordeaux
91%
1984 Bordeaux
91%
1985 Bordeaux
91%
1987 Bordeaux
91%
1999 Bordeaux
91%
2009 Bordeaux
91%
1998 Lens
91%
2012 Montpellier
88%
1965 Nantes
88%
1966 Nantes
88%
1973 Nantes
88%
1977 Nantes
88%
1980 Nantes
88%
1983 Nantes
88%
1995 Nantes
88%
2001 Nantes
88%
1951 Nice
81%
1952 Nice
81%
1956 Nice
81%
1959 Nice
81%
1936 Racing club de Paris
73%
1949 Reims
73%
1953 Reims
73%
1955 Reims
73%
1958 Reims
73%
1960 Reims
73%
1962 Reims
73%
1979 Strasbourg
73%
1996 Auxerre
65%
1935 Sochaux
54%
1938 Sochaux
54%
1934 Sète
35%
1939 Sète
35%
1933 Olympique Lillois
19%
1947 Roubaix-Tourcoing
17%
Aucun quiz correspondant
Distribution des résultats
% des personnes avec chaque résultat
Percentile par nombre de réponses
Votre historique - résultats
Vous n’avez pas pris ce quiz